[Event "30th Cracovia Festival-A 2019"]
[Site "Krakow"]
[Date "2020.01.04"]
[Round "9.16"]
[White "Evchin, Maxim"]
[Black "Grabowski, Pawel"]
[Result "0-1"]
[WhiteElo "2315"]
[BlackElo "2281"]
[Annotator "ChessBase"]
[PlyCount "66"]
[EventDate "2019.12.27"]
[EventCountry "POL"]
[SourceTitle "playchess.com"]
[Source "ChessBase"]
[SourceQuality "1"]

1. e4 e5 2. Nf3 Nc6 3. Bb5 a6 4. Ba4 Nf6 5. O-O b5 6. Bb3 Be7 7. Re1 d6 8. c3 O-O 9. d4 Nd7 10. Nbd2 exd4 11. cxd4 Bf6 12. Nf1 Na5 13. Bc2 Bb7 14. Bf4 Re8 15. Ng3 g6 16. b3 Nf8 17. Rc1 c5 18. dxc5 dxc5 19. e5 Qxd1 20. Bxd1 Be7 21. Ng5 Bd5 22. N3e4 Bxg5 23. Bxg5 Bxe4 24. Rxe4 Ne6 25. Be3 Rac8 26. f4 c4 27. b4 Nc6 28. a3 Rcd8 29. Kf2 Rd3 30. Ra1 Ned4 31. Bxd4 Nxd4 32. Re3 Rd2+ 33. Kf1 Rd8 0-1

[Event "30th Cracovia Festival-A 2019"]
[Site "Krakow"]
[Date "2020.01.04"]
[Round "9.17"]
[White "Morgunov, Marc"]
[Black "Bus, Konrad"]
[Result "1/2-1/2"]
[WhiteElo "2311"]
[BlackElo "2214"]
[Annotator "ChessBase"]
[PlyCount "83"]
[EventDate "2019.12.27"]
[EventCountry "POL"]
[SourceTitle "playchess.com"]
[Source "ChessBase"]
[SourceQuality "1"]

1. e4 c6 2. Nc3 d5 3. Nf3 a6 4. d4 Bg4 5. h3 Bh5 6. exd5 cxd5 7. g4 Bg6 8. Ne5 e6 9. Bg2 Nc6 10. Nxg6 hxg6 11. Ne2 Bd6 12. c3 Nf6 13. Qd3 Qc7 14. f4 Rc8 15. O-O Ne7 16. Bd2 Ne4 17. Bxe4 dxe4 18. Qxe4 Rxh3 19. Qg2 Rh7 20. Qf3 Kd7 21. Kg2 Rch8 22. Rh1 Rxh1 23. Rxh1 Rxh1 24. Kxh1 Kc8 25. Nc1 Qa5 26. Qd3 Qa4 27. b3 Qa3 28. Qc2 Bc7 29. b4 a5 30. Qb3 axb4 31. c4 Qa6 32. Qxb4 Qc6+ 33. Kg1 Bd6 34. Qc3 Qe4 35. Qd3 Qc6 36. Ne2 Qa4 37. Qb3 Qd7 38. Qb6 e5 39. fxe5 Qxg4+ 40. Kf2 Qh4+ 41. Kg1 Qg4+ 42. Kf2 1/2-1/2

[Event "30th Cracovia Festival-A 2019"]
[Site "Krakow"]
[Date "2020.01.04"]
[Round "9.18"]
[White "Szpar, Milosz"]
[Black "Punin, Andrii"]
[Result "1/2-1/2"]
[WhiteElo "2291"]
[BlackElo "2311"]
[Annotator "ChessBase"]
[PlyCount "81"]
[EventDate "2019.12.27"]
[EventCountry "POL"]
[SourceTitle "playchess.com"]
[Source "ChessBase"]
[SourceQuality "1"]

1. Nf3 d5 2. g3 Bg4 3. Bg2 Nd7 4. c4 e6 5. cxd5 exd5 6. Nc3 Ngf6 7. O-O c6 8. d3 Bc5 9. Qb3 Bb6 10. Na4 O-O 11. Nxb6 axb6 12. Qc2 Re8 13. b3 Bxf3 14. Bxf3 Ne5 15. Bg2 d4 16. Bb2 Qd6 17. a3 h5 18. b4 h4 19. Qd2 hxg3 20. hxg3 Neg4 21. Bf3 Ne5 22. Kg2 Nxf3 23. exf3 c5 24. Rh1 Re5 25. Rh3 Rh5 26. Rah1 Rxh3 27. Rxh3 Re8 28. Qd1 Qd5 29. Qh1 Kf8 30. Bc1 Ke7 31. Qd1 Kd7 32. Qa4+ Qc6 33. b5 Qd5 34. Qa7 Ng4 35. Rh5 Re5 36. Rh8 Rf5 37. Bf4 Ne5 38. Qxb6 Qxf3+ 39. Kg1 Qd1+ 40. Kg2 Qf3+ 41. Kg1 1/2-1/2

[Event "30th Cracovia Festival-A 2019"]
[Site "Krakow"]
[Date "2020.01.04"]
[Round "9.19"]
[White "Renman, Nils-Gustaf"]
[Black "Antolak, Julia"]
[Result "1/2-1/2"]
[WhiteElo "2319"]
[BlackElo "2249"]
[Annotator "ChessBase"]
[PlyCount "103"]
[EventDate "2019.12.27"]
[EventCountry "POL"]
[SourceTitle "playchess.com"]
[Source "ChessBase"]
[SourceQuality "1"]

1. d4 Nf6 2. c4 d6 3. Nf3 Nbd7 4. Nc3 e5 5. e4 g6 6. Be2 Bg7 7. O-O O-O 8. Qc2 Nh5 9. Rd1 Nf4 10. Bf1 c5 11. dxe5 dxe5 12. g3 Ne6 13. Nd5 Nd4 14. Nxd4 exd4 15. f4 Nf6 16. Bg2 Bg4 17. Re1 Re8 18. Bd2 Rc8 19. Qa4 Nxd5 20. cxd5 a6 21. Rac1 Bd7 22. Qd1 b5 23. e5 Qb6 24. Qf3 c4 25. Qf2 b4 26. Re4 Bf8 27. d6 c3 28. bxc3 bxc3 29. Bxc3 Bxd6 30. exd6 Rxc3 31. Rxc3 Qb1+ 32. Qf1 Qxf1+ 33. Kxf1 dxc3 34. Rxe8+ Bxe8 35. Ke2 Bb5+ 36. Ke3 Kf8 37. Be4 Ke8 38. Kd4 Kd7 39. Kxc3 a5 40. Bd5 f6 41. Kd4 Kxd6 42. Bg8 h6 43. a3 Bc6 44. Bf7 g5 45. Kc4 Bd7 46. Bg6 Bc6 47. Bf5 Be8 48. Bc8 Bc6 49. Ba6 Bd7 50. Bb5 Be6+ 51. Kd4 Bd5 52. h4 {Ke5+ Ke4+} 1/2-1/2

[Event "30th Cracovia Festival-A 2019"]
[Site "Krakow"]
[Date "2020.01.04"]
[Round "9.22"]
[White "Ramondino, Renzo"]
[Black "Dietmayer-Kraeutler, Marco"]
[Result "1-0"]
[WhiteElo "2186"]
[BlackElo "2342"]
[Annotator "ChessBase"]
[PlyCount "87"]
[EventDate "2019.12.27"]
[EventCountry "POL"]
[SourceTitle "playchess.com"]
[Source "ChessBase"]
[SourceQuality "1"]

1. d4 d5 2. c4 e6 3. Nc3 Nf6 4. cxd5 exd5 5. Bg5 Nbd7 6. e3 Be7 7. Bd3 Nf8 8. f4 c6 9. Nf3 Ne6 10. Bxf6 Bxf6 11. Ne5 g6 12. Qf3 Ng7 13. O-O-O h5 14. h3 h4 15. e4 Be6 16. f5 dxe4 17. Bxe4 gxf5 18. Bc2 Qa5 19. Nxc6 bxc6 20. Qxc6+ Ke7 21. Qb7+ Kf8 22. Qxa8+ Ne8 23. Qc6 Bxa2 24. Ba4 Bg5+ 25. Kc2 Kg7 26. Nxa2 Nd6 27. b4 Qd8 28. Nc3 Qf6 29. Kb3 Rc8 30. Qd5 Bf4 31. Rhf1 Bg3 32. Bd7 Rb8 33. Bxf5 a5 34. b5 Qg5 35. Bd3 Qe3 36. Rf3 Qe7 37. Rxg3+ hxg3 38. Qe5+ Qxe5 39. dxe5 Nb7 40. Ne4 Re8 41. Rc1 Rxe5 42. Rc7 Nd8 43. b6 Ne6 44. b7 1-0

[Event "30th Cracovia Festival-A 2019"]
[Site "Krakow"]
[Date "2020.01.04"]
[Round "9.23"]
[White "Nurkiewicz, Maciej"]
[Black "Krzywda, Andrzej"]
[Result "1/2-1/2"]
[WhiteElo "2340"]
[BlackElo "2178"]
[Annotator "ChessBase"]
[PlyCount "55"]
[EventDate "2019.12.27"]
[EventCountry "POL"]
[SourceTitle "playchess.com"]
[Source "ChessBase"]
[SourceQuality "1"]

1. d4 Nf6 2. c4 e6 3. Nf3 d5 4. Nc3 Be7 5. Bg5 h6 6. Bxf6 Bxf6 7. e3 O-O 8. Rc1 b6 9. cxd5 exd5 10. Qb3 Be6 11. Qc2 c5 12. dxc5 bxc5 13. Be2 Nc6 14. O-O Qa5 15. Rfd1 Rab8 16. Nxd5 Bxd5 17. Rxd5 Rxb2 18. Qxc5 Qxc5 19. Rdxc5 Rxe2 20. Rxc6 Rxa2 21. g3 Rb8 22. Rc8+ Rxc8 23. Rxc8+ Kh7 24. e4 Bb2 25. Rc7 Kg8 26. Rc8+ Kh7 27. Rc7 Kg8 28. Rc8+ 1/2-1/2

[Event "30th Cracovia Festival-A 2019"]
[Site "Krakow"]
[Date "2020.01.04"]
[Round "9.24"]
[White "Kucharska, Honorata"]
[Black "Zochowski, Kacper"]
[Result "0-1"]
[WhiteElo "2179"]
[BlackElo "2313"]
[Annotator "ChessBase"]
[PlyCount "88"]
[EventDate "2019.12.27"]
[EventCountry "POL"]
[SourceTitle "playchess.com"]
[Source "ChessBase"]
[SourceQuality "1"]

1. c4 e5 2. Nc3 Nc6 3. Nf3 f5 4. d3 Nf6 5. e3 g6 6. Be2 Bg7 7. O-O O-O 8. Rb1 Kh8 9. b4 d6 10. b5 Ne7 11. Bb2 Be6 12. a4 h6 13. d4 e4 14. Ne1 g5 15. d5 Bd7 16. Qc2 Ng6 17. f3 exf3 18. Nxf3 Qe7 19. Qd3 Rae8 20. Nd1 Kh7 21. Nd4 Ne4 22. Bh5 Nc5 23. Qc2 Qe4 24. Qxe4 Rxe4 25. a5 Re7 26. Bxg6+ Kxg6 27. Nf3 f4 28. Bxg7 Kxg7 29. exf4 Rxf4 30. Rc1 g4 31. Ne1 Rd4 32. Nf2 Nb3 33. Rc3 Nd2 34. Nc2 Rf4 35. g3 Rf8 36. Ne3 Nxf1 37. Kxf1 Rf3 38. Ke2 Kg6 39. Rb3 h5 40. Rc3 Bf5 41. Nfd1 h4 42. gxh4 Rh3 43. Kf1 Rxh2 44. Kg1 Rd2 0-1